Strategic management: (Record no. 5485)

000 -LEADER
fixed length control field 00513nam a22001577a 4500
008 - FIXED-LENGTH DATA ELEMENTS--GENERAL INFORMATION
fixed length control field 150911b xxu||||| |||| 00| 0 eng d
020 ## - INTERNATIONAL STANDARD BOOK NUMBER
International Standard Book Number 9780071289504
050 ## - LIBRARY OF CONGRESS CALL NUMBER
Classification number HD 30.28 .P43 2011
100 ## - MAIN ENTRY--PERSONAL NAME
Personal name Pearce,John A.
Dates associated with a name 2011
245 ## - TITLE STATEMENT
Title Strategic management:
Remainder of title formulation,implementation and control.
Statement of responsibility, etc. John A.Pearce
250 ## - EDITION STATEMENT
Edition statement 12th ed
260 ## - PUBLICATION, DISTRIBUTION, ETC. (IMPRINT)
Place of publication, distribution, etc. Boston:
Name of publisher, distributor, etc. McGraw-Hill,
Date of publication, distribution, etc. 2011.
300 ## - PHYSICAL DESCRIPTION
Extent xxi,404[412]p.ill;
700 ## - ADDED ENTRY--PERSONAL NAME
Personal name Robinson,Richard B.
942 ## - ADDED ENTRY ELEMENTS (KOHA)
Source of classification or shelving scheme
Koha item type Hard Covered Materials
Classification part HD 30.28 .P43 2011
Holdings
Withdrawn status Lost status Source of classification or shelving scheme Damaged status Not for loan Home library Current library Date acquired Total Checkouts Full call number Barcode Date last seen Date last checked out Price effective from Koha item type
          MACHAKOS UNIVERSITY LIBRARY MACHAKOS UNIVERSITY LIBRARY 11/09/2015 1 HD 30.28 .P43 2011 1803 07/06/2019 14/11/2016 11/09/2015 Hard Covered Materials
© Machakos University Library, Along The Highway, Machakos Wote Rd, Machakos, Kenya P.O. Box 136 - 90100 Machakos - Kenya

Tel: ( +254 ) 723 805829 OR Fax : 044-20353 OR Email: library@mksu.ac.ke